[Event "European Youth Chess Championship G10"]
[Site "Prague, Top Hotel Prague"]
[Date "2016.08.19"]
[Round "2.37"]
[White "Rozmanec, Pia"]
[Black "Cornileau, Juliette"]
[Result "1/2-1/2"]
[WhiteElo "1094"]
[BlackElo "1317"]
[PlyCount "94"]
[EventDate "2016.08.18"]

1. e4 b6 2. d4 Bb7 3. Nc3 e6 4. Nf3 Bb4 5. Bd3 Nf6 6. Bg5 h6 7. Bxf6 Qxf6 8.
Qd2 d6 9. a3 Bxc3 10. Qxc3 Qe7 11. O-O-O Na6 12. Qd2 O-O-O 13. Qe2 Nb8 14. Nd2
Rhf8 15. Nb3 Qg5+ 16. Kb1 Rde8 17. f3 d5 18. e5 f6 19. a4 fxe5 20. dxe5 Nc6 21.
Bb5 Rd8 22. Bxc6 Bxc6 23. Nd4 Bd7 24. Qa6+ Kb8 25. a5 Qxe5 26. Rhe1 Qd6 27. Rd3
Bc8 28. Qb5 Bd7 29. Qb3 c5 30. axb6 axb6 31. Qa3 Qc7 32. Nxe6 Bxe6 33. Rxe6 Rd6
34. Rxd6 Qxd6 35. Qa6 Rf7 36. Re3 Qc6 37. Rc3 Qe6 38. Ra3 Qc6 39. Qe2 Rd7 40.
Qe8+ Kb7 41. Qa8+ Kc7 42. Ra7+ Kd6 43. Qf8+ Ke5 44. f4+ Kd4 45. Qf5 Qb5 46.
Rxd7 Qf1+ 47. Ka2 Qa6+ 1/2-1/2

[Event "European Youth Chess Championship G10"]
[Site "Prague, Top Hotel Prague"]
[Date "2016.08.19"]
[Round "2.38"]
[White "Drastichova, Eliska"]
[Black "Simalcikova, Sara"]
[Result "0-1"]
[WhiteElo "1287"]
[BlackElo "1071"]
[PlyCount "76"]
[EventDate "2016.08.18"]

1. e4 e5 2. Nc3 Nf6 3. f4 d6 4. Nf3 exf4 5. Be2 h6 6. d3 g5 7. Bd2 Nc6 8. d4 d5
9. e5 Ne4 10. Bd3 Nxd2 11. Qxd2 Bg4 12. O-O-O Bxf3 13. gxf3 Nxd4 14. Rhf1 c6
15. Ne2 Nxe2+ 16. Qxe2 Qd7 17. Rfe1 O-O-O 18. Qf2 Kb8 19. Be2 Bg7 20. Bf1 Rhe8
21. Rd3 Bf8 22. Rb3 Ka8 23. Rd1 Rxe5 24. Qd4 Rde8 25. Qf2 Qc7 26. Bh3 Qa5 27.
a3 Bc5 28. Qf1 Re1 29. Qd3 Rxd1+ 30. Qxd1 Re1 31. Kb1 Rxd1+ 32. Ka2 Qe1 33. Rc3
Bd4 34. Rd3 Rxd3 35. cxd3 Qe2 36. Kb3 Qxb2+ 37. Ka4 b5+ 38. Ka5 Qxa3# 0-1

[Event "European Youth Chess Championship G10"]
[Site "Prague, Top Hotel Prague"]
[Date "2016.08.19"]
[Round "2.39"]
[White "Anchikova, Olga"]
[Black "Suarez, Gomez Paula"]
[Result "1-0"]
[WhiteElo "1283"]
[BlackElo "1011"]
[PlyCount "141"]
[EventDate "2016.08.18"]

1. d4 Nf6 2. c4 g6 3. Nc3 Bg7 4. e4 d6 5. Nf3 O-O 6. Be2 b6 7. O-O Bb7 8. Qc2
Na6 9. a3 c5 10. d5 h6 11. Re1 e6 12. Bf4 Qe7 13. Qd2 Kh7 14. Bd3 Nh5 15. Be3
Rad8 16. Nb5 Ra8 17. Bb1 Nc7 18. Nc3 Rad8 19. b4 Rfe8 20. Ra2 a6 21. dxe6 Qxe6
22. Nd5 Bxd5 23. exd5 Qg4 24. Bd3 Rf8 25. h3 Qd7 26. Qe2 Rfe8 27. Ng5+ Kg8 28.
Nf3 f5 29. Qd2 g5 30. Qc2 f4 31. Bxf4 Qf7 32. Bg6 Qf6 33. Bxe8 Rxe8 34. Bd2 Rd8
35. Qe4 Re8 36. Qd3 Rd8 37. Rc2 Qf7 38. Bc3 Nf6 39. Qf5 Nce8 40. Bxf6 Nxf6 41.
Qe6 Qxe6 42. Rxe6 Ne8 43. bxc5 bxc5 44. Rce2 Nc7 45. Re7 Rc8 46. Rd7 Bf8 47.
Rb2 Ne8 48. Rbb7 Ra8 49. Ra7 Nf6 50. Rxa8 Nxd7 51. Rxa6 Nf6 52. Rc6 Ne4 53. a4
Nf6 54. a5 Nd7 55. Rc8 h5 56. a6 g4 57. hxg4 hxg4 58. Nd2 Nb6 59. Rb8 Nd7 60.
Rb7 Nf6 61. a7 g3 62. f3 Nh5 63. a8=Q Nf6 64. Rb8 Nh7 65. Ne4 Kf7 66. Ng5+ Nxg5
67. Rxf8+ Kg6 68. Qe8+ Kh6 69. Rf6+ Kg7 70. Qg6+ Kh8 71. Rf8# 1-0

[Event "European Youth Chess Championship G10"]
[Site "Prague, Top Hotel Prague"]
[Date "2016.08.19"]
[Round "2.40"]
[White "Ratnesan, Radha"]
[Black "Poliato, Irina"]
[Result "1/2-1/2"]
[WhiteElo "1074"]
[BlackElo "1280"]
[PlyCount "122"]
[EventDate "2016.08.18"]

1. e4 c6 2. d4 d5 3. exd5 cxd5 4. c4 e6 5. Nc3 Nf6 6. Bg5 Be7 7. Nf3 O-O 8.
cxd5 Nxd5 9. Bxe7 Qxe7 10. Nxd5 exd5+ 11. Be2 Re8 12. h3 Nc6 13. Rc1 Bf5 14. a3
Rad8 15. Kf1 Rd6 16. Bb5 Re6 17. Ne5 f6 18. Nxc6 bxc6 19. Bxc6 Rd8 20. g4 Be4
21. f3 Bg6 22. h4 Be8 23. Bxe8 Rxe8 24. Rh2 Qd6 25. Rg2 Qa6+ 26. Kg1 Re1+ 27.
Qxe1 Rxe1+ 28. Rxe1 Qd3 29. Rge2 Qxd4+ 30. Kg2 h6 31. Re8+ Kh7 32. R1e2 Qc4 33.
Rd2 Qc1 34. Ree2 Qc5 35. Rd3 d4 36. Red2 f5 37. Rxd4 fxg4 38. Rxg4 a5 39. Kh3
Qe3 40. Rdg2 Qxf3+ 41. Kh2 Kg8 42. Rxg7+ Kf8 43. Rg8+ Ke7 44. R2g7+ Ke6 45.
Re8+ Kd6 46. Rd8+ Kc6 47. Rc8+ Kb6 48. Rb8+ Kc5 49. b4+ axb4 50. axb4+ Kc4 51.
Rc7+ Kd5 52. Rc5+ Ke6 53. Rb6+ Kd7 54. Rcc6 Qf4+ 55. Kh3 h5 56. Rd6+ Ke7 57.
Re6+ Kd7 58. Rbd6+ Kc7 59. Rc6+ Kd7 60. Red6+ Ke7 61. Re6+ Kd7 1/2-1/2

[Event "European Youth Chess Championship G10"]
[Site "Prague, Top Hotel Prague"]
[Date "2016.08.19"]
[Round "2.42"]
[White "Dallemura, Anna"]
[Black "Dubovik, Maria"]
[Result "1/2-1/2"]
[WhiteElo "1064"]
[BlackElo "1274"]
[PlyCount "75"]
[EventDate "2016.08.18"]

1. e4 c5 2. Nf3 d6 3. d4 cxd4 4. Nxd4 Nf6 5. Nc3 a6 6. Bd3 e6 7. f4 Nbd7 8. Nf3
Qb6 9. Qd2 Be7 10. Qe3 Qc7 11. O-O O-O 12. Kh1 b5 13. a3 Bb7 14. Bd2 Nc5 15. e5
Ng4 16. Qe1 Bxf3 17. Rxf3 Qd8 18. Rh3 h6 19. Qg3 Nxd3 20. cxd3 f5 21. exf6 Nxf6
22. Rxh6 Qe8 23. Rh3 Nh5 24. Qg4 Rf5 25. Re1 Qf7 26. Ne2 Rc8 27. Rc1 Rcc5 28.
Be3 Rxc1+ 29. Bxc1 e5 30. Rf3 exf4 31. Bxf4 Nxf4 32. Nxf4 Re5 33. h3 Re1+ 34.
Kh2 Bf6 35. Rf2 Be5 36. g3 Bd4 37. Rg2 Qc7 38. Ne2 1/2-1/2

[Event "European Youth Chess Championship G10"]
[Site "Prague, Top Hotel Prague"]
[Date "2016.08.19"]
[Round "2.45"]
[White "Kaliontzaki, Argyro Evanthia"]
[Black "Spada, Vittoria"]
[Result "0-1"]
[WhiteElo "1037"]
[BlackElo "1241"]
[PlyCount "106"]
[EventDate "2016.08.18"]

1. e4 e6 2. d4 d5 3. Nc3 dxe4 4. Nxe4 Nd7 5. Bf4 Ngf6 6. Bd3 Nxe4 7. Bxe4 Nf6
8. Bf3 Be7 9. Ne2 O-O 10. O-O Rb8 11. Nc3 Bd6 12. Qd2 b6 13. Nb5 a6 14. Na7
Bxf4 15. Qxf4 Bb7 16. Nc6 Bxc6 17. Bxc6 Nd5 18. Qe5 Qd6 19. Qxd6 cxd6 20. Bxd5
exd5 21. Rfe1 Rfe8 22. Kf1 Rxe1+ 23. Rxe1 Kf8 24. Re3 Rc8 25. c3 Re8 26. Ke2
Rxe3+ 27. Kxe3 Ke7 28. Kd3 Ke6 29. c4 f5 30. Kc3 g5 31. Kb4 h5 32. b3 f4 33. f3
g4 34. a4 dxc4 35. Kxc4 d5+ 36. Kb4 h4 37. fxg4 h3 38. gxh3 f3 39. a5 b5 40.
Kc5 f2 41. Kb6 f1=Q 42. Kxa6 b4+ 43. Kb6 Qf8 44. a6 Qb8+ 45. Kc6 Qa7 46. Kb5
Qb8+ 47. Kc6 Qc8+ 48. Kb6 Kd6 49. g5 Qc6+ 50. Ka5 Kc7 51. h4 Qb6+ 52. Ka4 Kc6
53. g6 Qb5# 0-1

[Event "European Youth Chess Championship G10"]
[Site "Prague, Top Hotel Prague"]
[Date "2016.08.20"]
[Round "3.1"]
[White "Zvereva, Margarita"]
[Black "Oz, Irem Ezra"]
[Result "1-0"]
[WhiteElo "1930"]
[BlackElo "1403"]
[PlyCount "133"]
[EventDate "2016.08.18"]

1. e4 c5 2. Nf3 g6 3. d4 cxd4 4. Nxd4 Bg7 5. Nc3 Nc6 6. Be3 Nf6 7. Bc4 Qa5 8.
O-O O-O 9. Bb3 d6 10. h3 Bd7 11. Re1 Nxd4 12. Bxd4 Bc6 13. Nd5 Bxd5 14. exd5
Rfe8 15. Bc3 Qc7 16. Qd2 Nd7 17. Bxg7 Kxg7 18. Ba4 Rad8 19. Qd4+ Kg8 20. Qh4 b5
21. Bxb5 Qxc2 22. Rxe7 Qxb2 23. Rae1 Rxe7 24. Qxe7 Qf6 25. Qe3 Qe5 26. Qd2 Qf6
27. Qa5 Nb6 28. Bc6 Nc4 29. Qxa7 Ne5 30. Qe3 Rc8 31. a4 Kg7 32. Bb7 Rc5 33. Qb3
Nc4 34. Qf3 Qxf3 35. gxf3 Na5 36. Bc6 Nxc6 37. dxc6 Rxc6 38. Kf1 d5 39. a5 Ra6
40. Ra1 Kf6 41. Ke2 Ke5 42. Ra4 Kd6 43. Kd3 Ke5 44. f4+ Kf5 45. Kc3 d4+ 46.
Kxd4 Kxf4 47. Ra3 f5 48. Kc5 g5 49. Kb5 Ra8 50. a6 h5 51. a7 g4 52. h4 Ke5 53.
Kb6 f4 54. Kb7 Rxa7+ 55. Kxa7 Ke4 56. Kb6 g3 57. fxg3 f3 58. Kc5 f2 59. Ra1 Ke3
60. Kd5 Kf3 61. Ke5 Kxg3 62. Ke4 Kxh4 63. Kf3 Kg5 64. Kxf2 h4 65. Kg2 Kg4 66.
Ra4+ Kg5 67. Kh3 1-0

[Event "European Youth Chess Championship G10"]
[Site "Prague, Top Hotel Prague"]
[Date "2016.08.20"]
[Round "3.2"]
[White "Nadzamova, Viktoria"]
[Black "Puia, Alexia-Teodora"]
[Result "1-0"]
[WhiteElo "1694"]
[BlackElo "1392"]
[PlyCount "93"]
[EventDate "2016.08.18"]

1. d4 d5 2. Bf4 c6 3. e3 Nd7 4. Nc3 f6 5. Nf3 e6 6. Bd3 Bb4 7. a3 Bxc3+ 8. bxc3
c5 9. c4 Qe7 10. cxd5 e5 11. dxe5 fxe5 12. Bg5 Ngf6 13. e4 h6 14. Bxf6 Nxf6 15.
c4 a6 16. a4 Bd7 17. h3 Nh5 18. Rb1 Rb8 19. Rb6 O-O 20. O-O Nf4 21. Bc2 Rf6 22.
Rxf6 gxf6 23. Kh2 Qe8 24. Nh4 Kh7 25. g4 h5 26. Nf5 Qg6 27. Rg1 Bxf5 28. gxf5
Qf7 29. Bd3 Rg8 30. Rxg8 Qxg8 31. Qf3 Qg7 32. Bc2 Qg5 33. Qg3 Qxg3+ 34. fxg3
Ne2 35. Bd1 Nc3 36. d6 Nxd1 37. d7 Ne3 38. d8=Q Nf1+ 39. Kg1 Nxg3 40. Qxf6 Ne2+
41. Kh2 Nf4 42. Qxe5 Nd3 43. Qe7+ Kh6 44. Qf6+ Kh7 45. Qg6+ Kh8 46. f6 Nf4 47.
Qg7# 1-0

[Event "European Youth Chess Championship G10"]
[Site "Prague, Top Hotel Prague"]
[Date "2016.08.20"]
[Round "3.3"]
[White "Starosta, Martyna"]
[Black "Ray, Hiya"]
[Result "0-1"]
[WhiteElo "1624"]
[BlackElo "1391"]
[PlyCount "100"]
[EventDate "2016.08.18"]

1. d4 e6 2. e4 d5 3. Nc3 Bb4 4. exd5 exd5 5. Bd3 Nf6 6. Nf3 h6 7. O-O O-O 8.
Ne5 Nbd7 9. f4 c6 10. Qf3 Qc7 11. h3 Bxc3 12. bxc3 c5 13. Ba3 b6 14. g4 Nxe5
15. fxe5 Nh7 16. h4 Qd8 17. Qg3 Qc7 18. Bf5 Bxf5 19. gxf5 f6 20. Rae1 Rfe8 21.
Qg2 Rad8 22. e6 cxd4 23. cxd4 Qc3 24. Rf3 Qxe1+ 25. Kh2 Qxh4+ 26. Rh3 Qf4+ 27.
Rg3 Ng5 28. Qe2 Ne4 29. Qg4 Qxg3+ 30. Qxg3 Nxg3 31. Kxg3 Rc8 32. Bd6 Rxc2 33.
a3 Rd2 34. Kf3 Rxd4 35. Ke3 Re4+ 36. Kd3 h5 37. Kd2 h4 38. Kd3 h3 39. Kd2 Re5
40. Bxe5 fxe5 41. Ke2 h2 42. Kf2 h1=Q 43. Kg3 Rc8 44. e7 Kf7 45. f6 gxf6 46.
e8=Q+ Kxe8 47. Kf2 Rc3 48. Ke2 Qh2+ 49. Kd1 Rg3 50. a4 Rg1# 0-1

[Event "European Youth Chess Championship G10"]
[Site "Prague, Top Hotel Prague"]
[Date "2016.08.20"]
[Round "3.4"]
[White "Tsirekidze, Barbare"]
[Black "Nguyen, Phuong Thao Vivien"]
[Result "1/2-1/2"]
[WhiteElo "1382"]
[BlackElo "1578"]
[PlyCount "146"]
[EventDate "2016.08.18"]

1. d4 Nf6 2. Bg5 d5 3. e3 c5 4. c3 c4 5. Nd2 Bf5 6. Be2 h6 7. Bh4 Nbd7 8. h3 e6
9. Ngf3 Be7 10. Bxf6 Nxf6 11. Ne5 O-O 12. Ndf3 Ne4 13. Nd2 Bd6 14. Nxe4 Bxe4
15. Nf3 b5 16. O-O a5 17. Qd2 b4 18. Rfe1 bxc3 19. bxc3 Ba3 20. Ne5 f6 21. Ng4
Rb8 22. f3 Rb2 23. Qc1 Bh7 24. Qd1 Qb6 25. Qa4 Bd6 26. Bf1 Rd8 27. Rec1 Bg6 28.
Qd1 Rb8 29. Qe1 h5 30. Nh2 Rb1 31. Rcxb1 Bxb1 32. Qc1 Qb2 33. Qxb2 Rxb2 34. a4
Ba2 35. f4 Bb3 36. Nf3 Ra2 37. Rxa2 Bxa2 38. Nd2 Ba3 39. Kf2 Bc1 40. Ke2 Bxd2
41. Kxd2 Bb3 42. Be2 Bxa4 43. Bxh5 Kf8 44. Bd1 Bb3 45. Bg4 f5 46. Bh5 a4 47.
Kc1 a3 48. Kb1 Ke7 49. h4 Kd7 50. Ka1 Ke7 51. g3 Kd8 52. Bg6 Kd7 53. Kb1 Ke7
54. Ka1 Ba4 55. Ka2 Be8 56. Bxe8 Kxe8 57. Kxa3 g6 58. Kb4 Kd8 59. Kb5 Kd7 60.
Kb6 Kd6 61. Kb5 Kd7 62. Kb6 Kd6 63. Kb5 Kd7 64. Kc5 Kc7 65. Kb5 Kb7 66. Ka5 Ka7
67. Kb5 Kb7 68. Kc5 Kc7 69. Kb5 Kb7 70. Ka5 Ka7 71. Kb5 Kb7 72. Kc5 Kc7 73. Kb5
Kb7 1/2-1/2

[Event "European Youth Chess Championship G10"]
[Site "Prague, Top Hotel Prague"]
[Date "2016.08.20"]
[Round "3.5"]
[White "Shuqja, Klean"]
[Black "Donchenko, Ekaterina"]
[Result "1-0"]
[WhiteElo "1513"]
[BlackElo "1362"]
[PlyCount "89"]
[EventDate "2016.08.18"]

1. e4 e6 2. d4 d5 3. e5 c5 4. c3 Nc6 5. Nf3 Qb6 6. a3 c4 7. Nbd2 Na5 8. Be2 Ne7
9. O-O Nf5 10. g4 Ne7 11. Rb1 Nb3 12. Nxb3 cxb3 13. Bd3 Ng6 14. Ng5 h6 15. Nxf7
Kxf7 16. Qf3+ Kg8 17. Bxg6 Qc7 18. Be3 a5 19. Kh1 b5 20. Rg1 Ba6 21. Rg3 Rc8
22. Rh3 h5 23. Rxh5 Rxh5 24. Bxh5 b4 25. Bg6 bxa3 26. Qh3 Bb4 27. Qh7+ Kf8 28.
Qh8+ Ke7 29. Qxg7+ Kd8 30. Qg8+ Kd7 31. Qf7+ Be7 32. Bg5 Qd8 33. Bxe7 Qxe7 34.
Qxe7+ Kxe7 35. bxa3 Rxc3 36. h4 a4 37. h5 Rc2 38. Bxc2 bxc2 39. Rc1 Bd3 40. Kg2
Kf7 41. Kf3 Kg7 42. Ke3 Be4 43. f3 Bh7 44. Kd2 Kh6 45. Rxc2 1-0

[Event "European Youth Chess Championship G10"]
[Site "Prague, Top Hotel Prague"]
[Date "2016.08.20"]
[Round "3.6"]
[White "Kanteraki, Maria-Myrto"]
[Black "Pawicka, Magdalena"]
[Result "0-1"]
[WhiteElo "1368"]
[BlackElo "1501"]
[PlyCount "62"]
[EventDate "2016.08.18"]

1. e4 c5 2. Nf3 e6 3. d4 cxd4 4. Nxd4 a6 5. Nc3 Qc7 6. a3 Nf6 7. f4 d6 8. Be2
Nc6 9. Be3 b5 10. Nxc6 Qxc6 11. Bf3 e5 12. fxe5 dxe5 13. Nd5 Nxd5 14. exd5 Qd7
15. Qe2 Bb7 16. Bf2 Bd6 17. O-O O-O 18. g4 Rfe8 19. Be4 Rad8 20. Bh4 Be7 21.
Bxe7 Qxe7 22. Qf3 Qc5+ 23. Kh1 Bxd5 24. Bxd5 Qxd5 25. Qxd5 Rxd5 26. Rad1 Red8
27. Rxd5 Rxd5 28. Re1 f6 29. Re2 Kf7 30. Kg2 Ke6 31. Kf3 Rd4 0-1

[Event "European Youth Chess Championship G10"]
[Site "Prague, Top Hotel Prague"]
[Date "2016.08.20"]
[Round "3.7"]
[White "Vicze, Kata"]
[Black "Markus, Molli Amina"]
[Result "1/2-1/2"]
[WhiteElo "1495"]
[BlackElo "1324"]
[PlyCount "72"]
[EventDate "2016.08.18"]

1. e4 d6 2. d4 g6 3. Nc3 Bg7 4. Bc4 Nf6 5. Nf3 O-O 6. O-O Nxe4 7. Bxf7+ Rxf7 8.
Nxe4 Bf5 9. Qe2 Bxe4 10. Qxe4 Nc6 11. Qd5 e6 12. Qxe6 Nxd4 13. Nxd4 Bxd4 14. c3
Bb6 15. Be3 Bxe3 16. fxe3 Qe7 17. Qxf7+ Qxf7 18. Rxf7 Kxf7 19. Rf1+ Kg7 20. Rf4
Re8 21. Kf2 Rf8 22. Rxf8 Kxf8 23. Kf3 Kf7 24. Ke4 Ke6 25. c4 a5 26. b3 b6 27.
g3 c6 28. a3 b5 29. Kd4 c5+ 30. Ke4 bxc4 31. bxc4 a4 32. Kd3 Ke5 33. e4 g5 34.
h3 h6 35. Ke3 h5 36. Kd3 Kf6 1/2-1/2

[Event "European Youth Chess Championship G10"]
[Site "Prague, Top Hotel Prague"]
[Date "2016.08.20"]
[Round "3.8"]
[White "Veremiuk, Veronika"]
[Black "Alimova, Dana"]
[Result "1/2-1/2"]
[WhiteElo "1330"]
[BlackElo "1451"]
[PlyCount "170"]
[EventDate "2016.08.18"]

1. d4 d5 2. Nf3 c5 3. e3 e6 4. Be2 Nf6 5. O-O Nc6 6. Nbd2 Be7 7. dxc5 Bxc5 8.
a3 O-O 9. b4 Bd6 10. Bb2 a6 11. c4 Nd7 12. cxd5 exd5 13. Nb3 Nb6 14. Rc1 Re8
15. Nbd4 Bd7 16. Qd2 Rc8 17. Rfd1 Ne7 18. Rxc8 Nbxc8 19. Qc3 f6 20. Rd2 Qc7 21.
Qxc7 Bxc7 22. Bd1 Nd6 23. Bb3 Ne4 24. Rd1 Bc6 25. Ne6 Bb6 26. Nd2 Nxd2 27. Rxd2
Kf7 28. Nf4 Rc8 29. h3 Kf8 30. Bd4 Bxd4 31. Rxd4 g5 32. Nxd5 Bxd5 33. Bxd5 Rc1+
34. Kh2 Nxd5 35. Rxd5 Rc7 36. Kg3 Kf7 37. Kf3 Ke6 38. Ra5 Kf7 39. Rc5 Rd7 40.
Ke4 Ke6 41. g3 h6 42. g4 Rf7 43. Rd5 Rd7 44. b5 Rd6 45. Rc5 axb5 46. Rxb5 b6
47. a4 Rc6 48. a5 bxa5 49. Rxa5 Rc4+ 50. Kf3 Rc7 51. Ra8 Kf7 52. Ke4 Re7+ 53.
Kf3 Kg7 54. Ra4 Kf7 55. Re4 Rd7 56. Ke2 Kg7 57. Rd4 Re7 58. Kd3 Kf7 59. Rd8 Kg7
60. Kd4 Rc7 61. e4 Re7 62. f3 Re5 63. Rd5 Re6 64. Rd7+ Kg8 65. Kd5 Re5+ 66. Kd6
Re8 67. Re7 Rxe7 68. Kxe7 Kg7 69. Ke6 Kg6 70. e5 fxe5 71. Kxe5 Kg7 72. f4 gxf4
73. Kxf4 Kf6 74. h4 Ke6 75. Ke4 Kf6 76. Kd5 Ke7 77. Ke5 Kf7 78. Kf5 Kg7 79. Ke4
Kf6 80. Kd5 Kg6 81. Ke6 Kg7 82. Kf5 Kf7 83. g5 hxg5 84. hxg5 Kg7 85. g6 Kg8
1/2-1/2

[Event "European Youth Chess Championship G10"]
[Site "Prague, Top Hotel Prague"]
[Date "2016.08.20"]
[Round "3.11"]
[White "Mamardashvili, Ana"]
[Black "Gaal, Zsoka"]
[Result "0-1"]
[WhiteElo "1292"]
[BlackElo "1792"]
[PlyCount "102"]
[EventDate "2016.08.18"]

1. e4 c5 2. Nf3 g6 3. Nc3 Bg7 4. Bc4 Nc6 5. O-O d6 6. h3 Nf6 7. d3 O-O 8. Bg5
a6 9. a3 b5 10. Ba2 Bb7 11. Qc1 Rc8 12. Nd5 Nxd5 13. Bxd5 Qd7 14. Bxc6 Bxc6 15.
Bh6 a5 16. Bxg7 Kxg7 17. b3 c4 18. bxc4 bxc4 19. Qd2 cxd3 20. cxd3 a4 21. Rfc1
Bb5 22. Rab1 Rb8 23. Nd4 Ba6 24. Qc3 Kg8 25. Qd2 Kg7 26. Qc3 e5 27. Nf3 Rfc8
28. Qd2 Rxc1+ 29. Qxc1 Rb3 30. Rxb3 axb3 31. Qc3 Qb5 32. Qb2 f6 33. Nd2 Qxd3
34. Nxb3 Qxe4 35. Qc1 Qb7 36. Qc2 d5 37. a4 d4 38. Nd2 Qb6 39. Qa2 Qb4 40. Nf3
Bc4 41. Qa1 d3 42. a5 Ba6 43. Ne1 e4 44. g4 g5 45. h4 h6 46. Ng2 d2 47. Ne3 Qc5
48. Nf5+ Kh7 49. Qxf6 d1=Q+ 50. Kg2 Qf1+ 51. Kg3 Qcxf2# 0-1

[Event "European Youth Chess Championship G10"]
[Site "Prague, Top Hotel Prague"]
[Date "2016.08.20"]
[Round "3.12"]
[White "Ivanova, Dilyana"]
[Black "Lomakina, Anzhelika"]
[Result "1-0"]
[WhiteElo "1382"]
[BlackElo "1654"]
[PlyCount "103"]
[EventDate "2016.08.18"]

1. e4 e5 2. Nf3 Nc6 3. d4 exd4 4. Nxd4 Nf6 5. Nxc6 bxc6 6. e5 Qe7 7. Qe2 Nd5 8.
c4 Nb6 9. b3 Qe6 10. Bb2 a5 11. a4 Bb4+ 12. Nd2 O-O 13. Qe3 Ba6 14. Bd3 Rfe8
15. O-O d6 16. Nf3 Qg4 17. h3 Qh5 18. Ng5 h6 19. Nf3 Nd7 20. Qe4 Nc5 21. Qh7+
Kf8 22. exd6 cxd6 23. Qxg7+ Ke7 24. Qf6+ Kd7 25. Bf5+ Kc7 26. Bg4 Qg6 27. Qxg6
fxg6 28. Nd4 Nd3 29. Bf3 Bb7 30. Ba3 Bc3 31. Rad1 Bxd4 32. Rxd3 c5 33. Bxb7
Kxb7 34. Bc1 g5 35. h4 gxh4 36. Bxh6 Re2 37. Rh3 Re4 38. g3 hxg3 39. Rxg3 Rh4
40. Bd2 Rah8 41. Kg2 Rh2+ 42. Kf3 Rf8+ 43. Ke4 Re8+ 44. Kd3 Bxf2 45. Rf3 Bd4
46. Bxa5 Rb2 47. b4 Ree2 48. b5 Re7 49. Rf7 Rbe2 50. Bd8 Rxf7 51. Rxf7+ Kc8 52.
Kxe2 1-0

[Event "European Youth Chess Championship G10"]
[Site "Prague, Top Hotel Prague"]
[Date "2016.08.20"]
[Round "3.13"]
[White "Kucharska, Helena"]
[Black "Zabrzanska, Weronika"]
[Result "0-1"]
[WhiteElo "1206"]
[BlackElo "1486"]
[PlyCount "90"]
[EventDate "2016.08.18"]

1. d4 d5 2. e3 Nf6 3. Bd3 Bg4 4. Be2 Bxe2 5. Qxe2 a6 6. f4 e6 7. Nf3 c5 8. c3
Nc6 9. O-O Be7 10. Nbd2 O-O 11. Ne5 Ne4 12. Qf3 f5 13. Nxe4 fxe4 14. Qg4 Nxe5
15. fxe5 Rxf1+ 16. Kxf1 Qf8+ 17. Kg1 Qf5 18. Qxf5 exf5 19. Bd2 c4 20. Rf1 g6
21. Be1 Bg5 22. Bg3 Bxe3+ 23. Bf2 Bxf2+ 24. Rxf2 Rf8 25. g3 Kf7 26. g4 Ke6 27.
Kg2 f4 28. h3 g5 29. Rf1 b5 30. a3 Rb8 31. Ra1 a5 32. Kf2 Rb7 33. Ke2 h6 34.
Kf2 Rh7 35. Kg2 h5 36. Rh1 hxg4 37. hxg4 f3+ 38. Kg1 f2+ 39. Kg2 Rxh1 40. Kxh1
f1=Q+ 41. Kh2 e3 42. Kg3 e2 43. Kh2 Qf2+ 44. Kh3 e1=Q 45. a4 Qh1# 0-1

[Event "European Youth Chess Championship G10"]
[Site "Prague, Top Hotel Prague"]
[Date "2016.08.20"]
[Round "3.15"]
[White "Gasparyan, Milena"]
[Black "Li, Darina"]
[Result "0-1"]
[WhiteElo "1459"]
[BlackElo "1182"]
[PlyCount "46"]
[EventDate "2016.08.18"]

1. d4 Nf6 2. c4 e6 3. Nf3 d5 4. Nc3 c5 5. dxc5 Bxc5 6. cxd5 exd5 7. e3 Nc6 8.
Nd4 Nxd4 9. exd4 Bb6 10. Be2 O-O 11. O-O Re8 12. Bg5 Be6 13. Bf3 h6 14. Bxf6
Qxf6 15. Nxd5 Bxd5 16. Bxd5 Qxd4 17. Qf3 Re7 18. Bxb7 Rb8 19. Bd5 Qxb2 20. a4
Rd8 21. a5 Bc7 22. a6 Qe5 23. Bb7 Qxh2# 0-1

[Event "European Youth Chess Championship G10"]
[Site "Prague, Top Hotel Prague"]
[Date "2016.08.20"]
[Round "3.17"]
[White "Spada, Vittoria"]
[Black "Cherepanova, Evita"]
[Result "0-1"]
[WhiteElo "1241"]
[BlackElo "1675"]
[PlyCount "132"]
[EventDate "2016.08.18"]

1. d4 d5 2. Nf3 Nf6 3. c4 c6 4. Nc3 dxc4 5. e3 b5 6. a4 b4 7. Ne2 Bf5 8. Ng3
Bg6 9. Bxc4 Nbd7 10. O-O e6 11. Bd2 h6 12. Qb3 a5 13. Bd3 Bxd3 14. Qxd3 Be7 15.
Rac1 Rc8 16. Qa6 Qc7 17. Ne5 Nxe5 18. dxe5 Nd7 19. f4 Nc5 20. Qe2 Nxa4 21. b3
Nc5 22. Rb1 O-O 23. Qg4 Rfd8 24. Bc1 Rd3 25. Nh5 g6 26. Nf6+ Bxf6 27. exf6 Qd8
28. Qh4 Qf8 29. Qg3 Nxb3 30. f5 exf5 31. Rxf5 Rd1+ 32. Rf1 Nxc1 33. Rxc1 Rxf1+
34. Rxf1 a4 35. Qe1 b3 36. Qb1 c5 37. Rc1 c4 38. Kf2 a3 39. Ke2 a2 40. Qb2 Qd6
41. h3 Qd3+ 42. Kf3 Rc5 43. Kg3 Qxe3+ 44. Kh2 Qe5+ 45. Qxe5 Rxe5 46. Ra1 b2 47.
Rxa2 b1=Q 48. Ra8+ Kh7 49. Ra7 Qb8 50. Rxf7+ Kg8 51. Rg7+ Kh8 52. Rxg6 Re1+ 53.
Rg3 Qb1 54. Rf3 Rh1+ 55. Kg3 Qe1+ 56. Kg4 Qe4+ 57. Kh5 Kh7 58. Rg3 Qf5+ 59. Kh4
Re1 60. Rg7+ Kh8 61. f7 Kxg7 62. f8=Q+ Kxf8 63. g4 Qf2+ 64. Kh5 Re5+ 65. Kxh6
Qf6+ 66. Kh7 Re7# 0-1

[Event "European Youth Chess Championship G10"]
[Site "Prague, Top Hotel Prague"]
[Date "2016.08.20"]
[Round "3.18"]
[White "Bashylina, Luisa"]
[Black "Kuczynska, Katarzyna"]
[Result "1-0"]
[WhiteElo "1664"]
[BlackElo "1266"]
[PlyCount "109"]
[EventDate "2016.08.18"]

1. e4 c5 2. Nf3 Nc6 3. d4 cxd4 4. Nxd4 e5 5. Nf3 Nf6 6. Bd3 Bc5 7. O-O O-O 8.
Nc3 Re8 9. Bg5 Be7 10. Bb5 a6 11. Bxc6 bxc6 12. Qd2 Qc7 13. Rad1 Bb7 14. Bxf6
Bxf6 15. Qxd7 Qxd7 16. Rxd7 Bc8 17. Rd2 Bg4 18. Ne1 Bg5 19. Rd3 Rad8 20. Rg3
Bf4 21. Rxg4 Rd2 22. Nd3 Rxc2 23. Nxf4 exf4 24. Rxf4 Rxb2 25. Rd1 Rc2 26. Rf3
h6 27. h3 f6 28. Rd6 Rc1+ 29. Kh2 Rc8 30. Rg3 Rc7 31. Rxf6 Kh7 32. Rd6 Rc2 33.
Rf3 Kg8 34. Rd8+ Kh7 35. Ra8 Re7 36. Rxa6 c5 37. Rc6 c4 38. Rxc4 Rd7 39. Rc5
Ra7 40. Rd5 Rc7 41. Rdd3 Kg8 42. a3 Rf7 43. Rd8+ Kh7 44. Rxf7 Rxc3 45. Rdd7 Kg8
46. Rxg7+ Kh8 47. Rge7 Rc8 48. a4 Rb8 49. a5 Rc8 50. a6 Rb8 51. a7 Rc8 52. Rb7
Rd8 53. Rb8 Rg8 54. Rxg8+ Kxg8 55. a8=Q# 1-0

[Event "European Youth Chess Championship G10"]
[Site "Prague, Top Hotel Prague"]
[Date "2016.08.20"]
[Round "3.19"]
[White "Karacsonyi, Kata"]
[Black "Cassanelli, Emma"]
[Result "1-0"]
[WhiteElo "1544"]
[BlackElo "1273"]
[PlyCount "143"]
[EventDate "2016.08.18"]

1. e4 e5 2. Nf3 Nc6 3. Bb5 a6 4. Bxc6 dxc6 5. O-O Bg4 6. h3 Bxf3 7. Qxf3 Nf6 8.
d3 Be7 9. Qg3 Qd6 10. Nd2 Nh5 11. Qf3 Qg6 12. Nb3 O-O-O 13. Bd2 Rdf8 14. Na5 f5
15. d4 fxe4 16. Qb3 b6 17. Nc4 Nf4 18. Bxf4 exf4 19. Ne5 Qg5 20. Qe6+ Kb8 21.
Nxc6+ Kb7 22. Nxe7 f3 23. Qxe4+ Kb8 24. Nc6+ Kc8 25. Qg4+ Qxg4 26. hxg4 Kb7 27.
d5 h5 28. Rad1 hxg4 29. Ne5 fxg2 30. Kxg2 Rh6 31. Rh1 Rhf6 32. Rd2 Rf5 33. Re2
a5 34. Rd1 Rh8 35. d6 cxd6 36. Rxd6 Rfh5 37. Nxg4 Rg5 38. Re7+ Ka6 39. Kg3 Rf8
40. Ree6 Rb8 41. Re5 Rxe5 42. Nxe5 Rc8 43. Rc6 Rd8 44. Nc4 Ka7 45. Rc7+ Ka6 46.
Rxg7 Rd5 47. f4 Rd1 48. Kf2 Rc1 49. Ne3 Rh1 50. f5 Rh4 51. Rg4 Rh2+ 52. Ng2 Rh6
53. Rf4 Rd6 54. Ke2 Rd8 55. f6 Re8+ 56. Ne3 Kb7 57. f7 Rf8 58. Nd5 Kc6 59. Ne7+
Kd7 60. Ng6 Kc6 61. Nxf8 a4 62. Nd7 a3 63. bxa3 Kc7 64. Nxb6 Kxb6 65. f8=Q Kb5
66. Qf5+ Kc6 67. Rg4 Kd6 68. Rg6+ Ke7 69. Qf6+ Ke8 70. Qh8+ Kf7 71. Qh7+ Ke8
72. Rg8# 1-0